00247 a2200109 4500001000700000020000600007040001100013100002100024240004400045245003900089362000900128162525 a  cMagnum aBarbara, Danusia10aA borrachinha que queria ser lapislpor10aA borrachinha que queria ser lapis0 a1899